Propuestas para una Colombia competitiva / (Registro nro. 3688)
[ vista simple ]
| 000 -LEADER | |
|---|---|
| fixed length control field | 00978nam a2200241Ia 4500 |
| 003 - CONTROL NUMBER IDENTIFIER | |
| control field | OSt |
| 005 - DATE AND TIME OF LATEST TRANSACTION | |
| control field | 20200715150209.0 |
| 008 - FIXED-LENGTH DATA ELEMENTS--GENERAL INFORMATION | |
| fixed length control field | 191128t2002 ck fr 000 0 spa d |
| 020 ## - INTERNATIONAL STANDARD BOOK NUMBER | |
| International Standard Book Number | 9586824233 |
| 040 ## - CATALOGING SOURCE | |
| Original cataloging agency | CO-JMCR |
| Transcribing agency | CO-JMCR |
| 041 0# - LANGUAGE CODE | |
| Language code of text/sound track or separate title | spa |
| 082 04 - DEWEY DECIMAL CLASSIFICATION NUMBER | |
| Classification number | 338.6048 / |
| Item number | M777p |
| Edition number | 23 |
| 100 1# - MAIN ENTRY--PERSONAL NAME | |
| Personal name | Montenegro, Santiago, |
| Relator term | compilador |
| 9 (RLIN) | 7307 |
| 245 10 - TITLE STATEMENT | |
| Title | Propuestas para una Colombia competitiva / |
| Statement of responsibility, etc. | compiladores, Santiago Montenegro y Roberto Steiner |
| 260 ## - PUBLICATION, DISTRIBUTION, ETC. | |
| Place of publication, distribution, etc. | Bogotá : |
| Name of publisher, distributor, etc. | Universidad de los Andes, |
| Date of publication, distribution, etc. | ©2002 |
| 300 ## - PHYSICAL DESCRIPTION | |
| Extent | 384 Páginas ; |
| Dimensions | 23 cm. |
| 505 0# - FORMATTED CONTENTS NOTE | |
| Title | Proyecto indicadores de competitividad / |
| Statement of responsibility | Fabio Sanchez y Paula Acosca |
| Title | La tecnología de la información y de las comunicaciones en Colombia / |
| Statement of responsibility | Santiago Montenegro y Luis Carlos Niño |
| 650 14 - SUBJECT ADDED ENTRY--TOPICAL TERM | |
| Topical term or geographic name entry element | Competitividad |
| Geographic subdivision | Colombia |
| 9 (RLIN) | 7308 |
| 650 14 - SUBJECT ADDED ENTRY--TOPICAL TERM | |
| Topical term or geographic name entry element | Competencia económica |
| Geographic subdivision | Colombia |
| 9 (RLIN) | 7309 |
| 651 ## - SUBJECT ADDED ENTRY--GEOGRAPHIC NAME | |
| Geographic name | Colombia |
| General subdivision | política económica |
| 9 (RLIN) | 6872 |
| 700 1# - ADDED ENTRY--PERSONAL NAME | |
| Personal name | Steiner, Roberto, |
| Relator term | compilador |
| 9 (RLIN) | 7310 |
| 942 ## - ADDED ENTRY ELEMENTS (KOHA) | |
| Source of classification or shelving scheme | Dewey Decimal Classification |
| Koha item type | Books |
| Withdrawn status | Lost status | Source of classification or shelving scheme | Damaged status | Not for loan | Collection code | Home library | Current library | Date acquired | Source of acquisition | Full call number | Barcode | Date last seen | Copy number | Koha item type |
|---|---|---|---|---|---|---|---|---|---|---|---|---|---|---|
| Dewey Decimal Classification | Non-fiction | Biblioteca Pública José María del Castillo y Rada | Biblioteca Pública José María del Castillo y Rada | 07/25/2018 | Donación | 338.6048 / M777p | 201807673 | 05/16/2024 | Ej.1 | Books |